Datum a čas kvízu

34 Celkem bodů Celkový počet nahraných bodů na tomto kvízu bez doplňovacích otázek.
3. Pořadí na kvízu Konečné umístění týmu na tomto kvízu.

Zaznamenané odpovědi

# Otázka Odpověď Body Výsledky
1. Minulý týden projednával Městs... krabice od banánů, Lidl 1
2. Ve kterém městě zahajoval Kare... v Ottawě 1
3. Jak se jmenuje seriál, do něho... Harry Potter, HBO (Max) 1
4. Jak se jmenuje horská chata le... Luční bouda 1
5. Dvojnásobná grandslamová šampi... Jiří Novák 0
6. Fanoušci komiksů, sci-fi, fant... cosplay 1
7. Jak se jmenuje zvíře, které je... Garfield 0
8. Jedním z nejoblíbenějších komi... 1A 2B 3D 4C 1
9. Jak se jmenuje muž, který nakr... Kája (Karel) Saudek 0
10. V současné době vychází v komi... Karel Čapek, R.U.R. 1